|
|
|
|
| LEADER |
00000nam0a2200000 4500 |
| 001 |
328400 |
| 005 |
20231102004046.0 |
| 035 |
|
|
|a (RuTPU)RU\TPU\book\354100
|
| 090 |
|
|
|a 328400
|
| 100 |
|
|
|a 20170216d1937 km y0rusy50 ca
|
| 101 |
0 |
|
|a rus
|
| 102 |
|
|
|a RU
|
| 105 |
|
|
|a a z 001zb
|
| 200 |
1 |
|
|a Любовь Яровая
|e пьеса
|f К. А. Тренев
|
| 210 |
|
|
|a Москва
|a Ленинград
|c Искусство
|d 1937
|
| 215 |
|
|
|a 184 с.
|c ил.
|
| 600 |
|
1 |
|a Тренев
|b К. А.
|c русский писатель
|c драматург
|f 1876-1945
|g Константин Андреевич
|2 stltpush
|3 (RuTPU)RU\TPU\pers\19183
|9 7302
|
| 606 |
1 |
|
|a Театр
|2 stltpush
|3 (RuTPU)RU\TPU\subj\58738
|9 76490
|
| 606 |
1 |
|
|a Русская литература современная
|2 stltpush
|3 (RuTPU)RU\TPU\subj\26373
|9 50316
|
| 610 |
1 |
|
|a советская литература
|
| 610 |
1 |
|
|a драматургия
|
| 610 |
1 |
|
|a пьесы
|
| 610 |
1 |
|
|a театральные спектакли
|
| 610 |
1 |
|
|a театральная жизнь
|
| 610 |
1 |
|
|a театральные режиссеры
|
| 610 |
1 |
|
|a 20 век
|
| 610 |
1 |
|
|a история
|
| 675 |
|
|
|a 792
|v 4
|
| 675 |
|
|
|a Р2
|v 4
|
| 700 |
|
1 |
|a Тренев
|b К. А.
|g Константин Андреевич
|
| 801 |
|
1 |
|a RU
|b 63413507
|c 20170216
|
| 801 |
|
2 |
|a RU
|b 63413507
|c 20201002
|g RCR
|
| 942 |
|
|
|c BK
|